000
00309nam a22001457a 4500
008
210608b ||||| |||| 00| 0 eng d
020
_a
9780871203137
041
_a
eng
080
_a
7
082
_a
7
100
_a
44
101
_a
ART
245
_a
Understanding by Design
_c
Wiggins,G
942
_2
udc
_c
BK
999
_c
58059
_d
58059